|
|
|
|
| LEADER |
00000nam0a2200000 4500 |
| 001 |
47903 |
| 005 |
20231031030722.0 |
| 010 |
|
|
|a 588860030X
|
| 035 |
|
|
|a (RuTPU)RU\TPU\book\50093
|
| 090 |
|
|
|a 47903
|
| 100 |
|
|
|a 20030227d2003 m y0rusy50 ca
|
| 101 |
0 |
|
|a rus
|
| 102 |
|
|
|a RU
|
| 105 |
|
|
|a y z 000zy
|
| 200 |
1 |
|
|a Паблик рилейшнз, или как успешно управлять общественным мнением
|f Г. Г. Почепцов
|
| 205 |
|
|
|a 2-е изд., испр. и доп.
|
| 210 |
|
|
|a Москва
|c Центр
|d 2003
|
| 215 |
|
|
|a 320 с.
|
| 451 |
|
1 |
|0 (RuTPU)RU\TPU\book\6773
|y 588860030-X
|t Паблик Рилейшнз, или как успешно управлять общественным мнением
|f Г. Г. Почепцов
|e 3-е изд., испр. и доп.
|c М.
|n Центр
|d 1998
|p 352 с.
|a Почепцов, Георгий Георгиевич
|
| 451 |
|
1 |
|0 (RuTPU)RU\TPU\book\65212
|y 5-88860-030-X
|t Паблик рилейшнз, или как успешно управлять общественным мнением
|f Г. Г. Почепцов
|c М.
|n Центр
|d 2004
|p 336 с.
|a Почепцов, Георгий Георгиевич
|
| 610 |
1 |
|
|a экономика
|
| 610 |
1 |
|
|a реклама
|
| 610 |
1 |
|
|a паблик рилейшнз
|
| 610 |
1 |
|
|a общественное мнение
|
| 610 |
1 |
|
|a связи с общественностью
|
| 610 |
1 |
|
|a стратегия
|
| 610 |
1 |
|
|a тактика
|
| 610 |
1 |
|
|a политика
|
| 610 |
1 |
|
|a финансы
|
| 610 |
1 |
|
|a кризисы
|
| 610 |
1 |
|
|a бизнес
|
| 610 |
1 |
|
|a силовые структуры
|
| 610 |
1 |
|
|a международные отношения
|
| 610 |
1 |
|
|a слухи
|
| 610 |
1 |
|
|a социальные проблемы
|
| 610 |
1 |
|
|a лоббирование
|
| 610 |
1 |
|
|a СМИ
|
| 610 |
1 |
|
|a коммуникации
|
| 610 |
1 |
|
|a избирательные кампании
|
| 610 |
1 |
|
|a история
|
| 675 |
|
|
|a 659.4
|v 3
|
| 700 |
|
1 |
|a Почепцов
|b Г. Г.
|g Георгий Георгиевич
|
| 801 |
|
1 |
|a RU
|b 63413507
|c 20030227
|g PSBO
|
| 801 |
|
2 |
|a RU
|b 63413507
|c 20230502
|g PSBO
|
| 900 |
|
|
|a Психология массовой коммуникации
|
| 942 |
|
|
|c BK
|